000 00527nam a2200169 i 4500
001 21953
003 ES-MaACL
005 20230906152559.0
007 t|
008 021128s1931 gw ||||1| ger d
100 1 _aAlexander, Hanns.
_919766
245 1 0 _aPraktisches lehrbuch der tuberkulose /
_cvon Hanns Alexander und Gustav Baer.
260 _aLeipzig :
_bJohnn Ambrosius Barth,
_c1931 (
_fAugust Pries)
300 _aXVI, 371 p., 2 lám. :
_bil. ;
_c27 cm.
700 1 _aBaer, Gustav.
_924596
852 _aES-MaACL
_jE-1273
999 _c21953
_d21953